000
00250nam a2200097Ia 4500
001
645018
005
20250826153615.0
008
250824s9999 xx 000 0 und d
245
0
_a
AYNANIN İÇİNDEN
_c
LEWIS CARROL
260
_b
ANTİK DÜNYA KLASİKLERİ
999
_c
645018
_d
645018